000 00263nam a22001217a 4500
020 _a978-93-5548-312-6
082 _a821/BAN
100 _aBansal,Neha
_983959
245 _aHerstory
260 _aNew delhi
_bSahitya akademi
_c2024
650 _aPoems
942 _cBK
999 _c68974
_d68974